| 000 | 00854nam a2200253 a 4500 | ||
|---|---|---|---|
| 005 | 20250116063843.0 | ||
| 008 | 031022s2000 es r 000 0 spa d | ||
| 020 | _a8420458368 | ||
| 035 | _aUPN01000130323 | ||
| 049 | _aI | ||
| 050 | 4 |
_aHQ789 _bD4.7 no.7 |
|
| 100 | 1 |
_aPescetti, Luis María, _d1958- _930469 |
|
| 245 | 1 | 3 |
_aLa tarea según Natacha : _bderecho a la educación y al juego / _cLuis María Pescetti ; il. O'Kif. |
| 260 |
_aMadrid : _bAlfaguara : _aUNICEF, _c2000. |
||
| 300 |
_a31 p. : _bil. col. |
||
| 440 | 0 |
_aDerechos del niño ; _v7 |
|
| 440 | 4 | _aLos derechos de los niños se merecen un 10 | |
| 500 | _a"Argentina" | ||
| 650 | 4 |
_aDerechos de los niños _94862 |
|
| 650 | 4 |
_aEducación _9682 |
|
| 740 | 0 | _aDerecho a la educación y al juego : la tarea según Natacha | |
| 905 | _aInfantil | ||
| 999 |
_c102480 _d102480 |
||